NBA Top 10 Dunkers All-Time - Statistics

General Stats
  • This quiz has been taken 1,950 times
  • The average score is 7 of 16
Answer Stats
Order Dunker % Correct
#3 Michael Jordan
92%
#1 Vince Carter
89%
LeBron James
73%
#8 Kobe Bryant
64%
#2 Dominique Wilkins
61%
Nate Robinson
47%
#4 Julius Erving
43%
Tracy McGrady
43%
#6 Spud Webb
39%
#5 Shawn Kemp
28%
#10 Clyde Drexler
26%
Jason Richardson
21%
Kevin Johnson
11%
Honoruable Mentions Larry Nance
9%
#7 Darryl Dawkins
8%
#9 David Thompson
7%
No matching quizzes found
Score Distribution
Percent of People with Each Score
Percentile by Number Answered
Your Score History
You have not taken this quiz